|
|
|
|
| LEADER |
00985nam a2200337 4500 |
| 001 |
DLU140159103 |
| 005 |
##20140122 |
| 040 |
# |
# |
|a DLU
|b vie
|
| 041 |
# |
# |
|a vie
|
| 044 |
# |
# |
|a vn
|
| 082 |
# |
# |
|a 428
|b Nhu
|
| 245 |
# |
# |
|a Những lỗi thường gặp khi học tiếng Anh của người Việt /
|c Quỳnh Như chủ biên; Nguyễn Xoan hiệu đính.
|
| 260 |
# |
# |
|a H. :
|b Đại học Quốc gia,
|c 2011.
|
| 300 |
# |
# |
|a 264 tr. :
|b minh hoạ ;
|c 21 cm.
|
| 546 |
# |
# |
|a Tài liệu viết bằng tiếng Anh.
|
| 546 |
# |
# |
|a Tài liệu viết bằng tiếng Việt.
|
| 650 |
# |
# |
|a Tiếng Anh
|x Cách dùng.
|
| 650 |
# |
# |
|a Tiếng Anh
|x Lỗi sử dụng.
|
| 700 |
# |
# |
|a Nguyễn Xoan,
|e hiệu đính.
|
| 700 |
# |
# |
|a Quỳnh Như,
|e chủ biên.
|
| 923 |
# |
# |
|a 06/2013
|
| 991 |
# |
# |
|a SH
|
| 992 |
# |
# |
|a 45000
|
| 994 |
# |
# |
|a DLU
|
| 900 |
# |
# |
|a True
|
| 911 |
# |
# |
|a Đào Thị Thu Huyền
|
| 925 |
# |
# |
|a G
|
| 926 |
# |
# |
|a A
|
| 927 |
# |
# |
|a SH
|
| 980 |
# |
# |
|a Thư viện Trường Đại học Đà Lạt
|